| 000 | 00350 a2200109 4500 | ||
|---|---|---|---|
| 001 | ART_17863 | ||
| 005 | 20260410161701.0 | ||
| 008 | 260409a | ||
| 245 | 1 | 0 | _aLos mecanismos de transmisión de la política monetaria en la Argentina |
| 100 | 1 | _aMachinea, José Luis | |
| 773 | 0 |
_tEnsayos Económicos _g- Nº 8 (dic. 1978) _wREV620 |
|
| 999 |
_c15164 _d15164 |
||